000 00587nam a22001817a 4500
005 20251108171853.0
008 250721s1994 xx 000 0 ara d
082 1 4 _a621.381/بلا
100 1 _aبلال، علي السيد
245 1 0 _aالثقافة الإلكترونية لهواة الراديو و التلفزيون /
264 1 _aالقاهرة :
_bمؤسسة الخليج العربي،
_c1994.
300 _a162ص
650 1 7 _aالهندسة الإلكترونية
650 1 7 _aالراديو
650 1 7 _aالتلفزيون
942 _2ddc
_cBK
999 _c64748
_d64748